000 00471nmm a2200181Ia 4500
008 251105s9999||||xx |||||||||||||||||und||
041 _aspa
100 _aDain, Claudia
245 0 _aLa propiedad
264 _a[Madrid, España] :
_bTerciopelo,
_c2014
300 _a261 páginas
490 _aTerciopelo
650 _aRomance
700 _aDain, Claudia
700 1 _a Rabascall, Iolanda
856 _uhttps://public.digitaliapublishing.com/a/32524
942 _cCF
999 _c64434
_d64434